000 00525nam a2200157 i 4500
001 83867
003 ES-MaACL
007 t|
008 041118s1922 sp ||||1| spa d
100 0 _aJaén, Antonio,
_d1879-1964
_965898
245 1 0 _aHistoria contemporánea (1815-1918)
_b: con una introducción a la Historia moderna (1453-1815) /
_cAntonio Jaén Morente.
260 _aSevilla :
_b[s.n.],
_c1922 (
_fEulogio de las Heras)
300 _a184 p. ;
_c22 cm.
852 _aES-MaACL
_jB-916
999 _c83867
_d83867